01378nam a2200313 4500001000400000003000400004005001700008008004100025020001500066040000800081041001300089082001500102100002900117240001900146245007600165250001300241260003300254300001100287520060700298650002500905650002300930650001500953650001000968650001600978650001000994655001201004655002101016700002701037377OSt20250403093748.0250403b |||||||g |||| 00| 0 eng d a8501044458 bpor hdutapor a920bF828d1 aFrank, Anne,d1929-1945. aHet Achterhuis aO diário de Anne Frank /cFrank, Anne ; Tradução de Alves Calado  a20° ed. aRio de JaneirobRecordc2004 a349 p. aENCONTRADO NO SÓTÃO onde a pequena Anne Frank morou os últimos anos de vida, seu diário se tornou um clássico em todo o mundo: uma poderosa lembrança sobre os horrores de uma guerra, um testemunho eloquente para o espírito humano. Em junho de 1942, quando os nazistas ocupavam a Holanda, a menina judia de apenas 13 anos, acompanhada por toda a família, deixou para trás a residência em Amsterdã e se refugiou no sótão de uma casa. Até o paradeiro dos Frank ser delatado a Gestapo, os integrantes da família viveram ao longo de dois anos enclausurados no "Anexo Secreto". 0aLiteratura holandesa 0a2° Guerra Mundial 0aHolocausto 0aDrama 0aClássicos 0aFilme 0aRomance 0aNão Ficção aAlves CaladoeTradutor